000 00269nam a22001217a 4500
020 _a817554080X
082 _a158.39
100 _aDale,Margaret
245 _aHow to be a better interviewer
260 _aDaryaganj
_bKagan page
_c1999
300 _a157p
942 _cBK
999 _c3025
_d3025